000 00648cam a22001694a 4500
020 _a1559638036 (cloth : recycled, acidfree paper)
020 _a1559638044 (pbk. : recycled, acidfree paper)
040 _cDLC
082 0 0 _a333 ISL 2000 A077 Or.
245 0 0 _aFishing grounds :
_bdefining a new era for American fisheries management /
260 _aWashington, D.C. :
_bIsland Press,
_cc2000.
300 _axiii, 241 p. :
_bmap ;
_c24 cm.
650 0 _aFishery management
710 2 _aH. John Heinz III Center for Science, Economics, and the Environment.
856 4 2 _uhttp://www.loc.gov/catdir/enhancements/fy0666/00008178-d.html
942 _cEK
999 _c15557
_d15557